00695nam a2200241 a 4500001001300000003000900013005001700022008004100039020001000080082001300090100002200103245004500125260004100170300000900211500003500220505001000255650001000265700002200275902000800297942000700305952012600312999001500438nice12345678IN_TiNIC20260116012617.0050524s1990 newa grp 000 0 eng  ac35000a954bMET aMetcalf, Thomas R aModern Indiab an Interpretive Anthology aNew DelhibSterling Publishersc1990 a429p aincludes index and biblioraphy2 aIndex aIndia1 aMetcalf, Thomas R bSRS cBK 001040708StackRoom-aHMIbHMId2007-04-03g350.00l1o954 METp013739r2019-02-12s2019-01-18v350.00w2005-05-24yBK c7664d7664